[Event "Olympiad Women 2024"]
[Site "Budapest HUN"]
[Date "2024.09.13"]
[Round "3.40"]
[Board "2"]
[White "Raymundo, Deycy Daniela"]
[Black "Roy, Ali"]
[Result "0-1"]
[WhiteElo "1728"]
[BlackElo "1961"]
[PlyCount "120"]
[EventDate "2024.09.11"]
[WhiteTeam "Guatemala"]
[BlackTeam "Scotland"]
[WhiteTeamCountry "GUA"]
[BlackTeamCountry "SCO"]

1. e4 e6 2. d4 d5 3. exd5 exd5 4. Bd3 Nf6 5. Nf3 Be7 6. h3 Nc6 ({RR} 6... b6 7. O-O O-O 8. Re1 Nbd7 9. Bf4 c5 10. c3 Bb7 11. Nbd2 Rc8 12. Rc1 Nb8 13. Bf5 Nbd7 14. Ne5 cxd4 15. cxd4 Rxc1 16. Qxc1 Nxe5 17. Bxe5 Bd6 18. Nf3 Ne4 19. Qf4 Re8 20. Bxd6 Nxd6 21. Rxe8+ {1-0 Martinez,V (1728)-Avila,F (1437) 98th ch-ARG Semi-Final 2023 (5.54)}) 7. c3 O-O 8. O-O Be6 $146 ({RR} 8... Ne4 9. Bf4 f5 10. Ne5 Nxe5 11. Bxe5 Bd6 12. f4 Bxe5 13. fxe5 Qg5 14. Rf3 Be6 15. b4 c6 16. a3 Bf7 17. Qe1 Bh5 18. Rf1 Ng3 19. Rf2 f4 20. Raa2 f3 21. Nd2 Ne2+ 22. Kh1 Qe3 23. Bxe2 {0-1 Ordu,A (1558)-Dickmann,H (1754) GER Seniors Derby 08th 2009 (1.18)}) ({RR} 8... a5 9. a4 Ne8 10. Qc2 g6 11. Nbd2 Nd6 12. Re1 Bf5 13. Ne5 Bf6 14. Bxf5 Nxf5 15. Ndf3 Nh4 16. Bf4 Nxe5 17. Nxe5 Bg7 18. Re2 Re8 19. Rae1 Bxe5 20. Bxe5 Qg5 21. Bg3 Rxe2 22. Qxe2 c6 23. Qe7 {1-0 Lopez Ziegler,C (1913)-Cano Cabanillas,J (2007) Madrid-ch sf-B 2013 (5)}) 9. Bg5 Re8 10. Re1 h6 11. Bh4 Nh5 12. Bxe7 Qxe7 13. Nbd2 Nf4 14. Bf5 Qf6 15. Bxe6 Rxe6 16. Rxe6 Qxe6 17. Nf1 Re8 18. Ng3 Qf6 19. Qd2 Nxh3+ 20. gxh3 Qxf3 21. Re1 Rxe1+ 22. Qxe1 Kf8 23. Qd2 Ne7 24. Qe3 Qxe3 25. fxe3 f5 26. Nh5 Kf7 27. Nf4 g5 28. Nd3 b6 29. Ne5+ Ke6 30. Kf2 c5 31. b3 cxd4 32. cxd4 h5 33. Kf3 g4+ 34. hxg4 fxg4+ 35. Kf4 Nf5 36. Nd3 g3 37. Ne1 h4 38. Kg4 Nxe3+ 39. Kxh4 g2 40. Nf3 Kf5 41. Kg3 Ke4 42. Kf2 a5 43. Kg3 Nf5+ 44. Kxg2 Nxd4 45. Ne1 Nb5 46. Kf2 Nc3 47. a4 d4 48. Nf3 Nd1+ 49. Ke2 d3+ 50. Kd2 Kxf3 51. Kxd3 Ne3 52. Kd4 Nc2+ 53. Kc4 Nb4 54. Kb5 Nd5 55. Kc6 Ke4 56. Kd6 Kd4 57. Kc6 Kc3 58. Kxd5 Kxb3 59. Kc6 Kxa4 60. Kxb6 Kb4 0-1

[Event "Olympiad Women 2024"]
[Site "Budapest HUN"]
[Date "2024.09.13"]
[Round "3.40"]
[Board "3"]
[White "Cooke, Suzie G."]
[Black "Santiago Sontay, Jenny Fernanda"]
[Result "1-0"]
[WhiteElo "1941"]
[BlackElo "1773"]
[PlyCount "81"]
[EventDate "2024.09.11"]
[WhiteTeam "Scotland"]
[BlackTeam "Guatemala"]
[WhiteTeamCountry "SCO"]
[BlackTeamCountry "GUA"]

1. d4 d5 2. Bf4 Nf6 3. e3 e6 4. Bd3 Bd6 5. Bg3 b6 6. Nd2 Bb7 7. Ngf3 O-O 8. c3 c5 9. Qb1 Nc6 10. Ne5 $146 ({RR} 10. O-O Ne7 11. dxc5 bxc5 12. e4 Bxg3 13. hxg3 Ng6 14. exd5 exd5 15. c4 Rb8 16. cxd5 Qxd5 17. Bc4 Qh5 18. Rc1 Ng4 19. Nf1 Bxf3 20. gxf3 N4e5 21. Nh2 Rfd8 22. f4 Rd2 23. fxe5 Rbxb2 24. g4 Qh4 {0-1 Fenollar Jorda,M (2335)-Cruz Lledo,P (2448) Xativa Murta op 3rd 2017 (4)}) 10... h6 11. f4 Qc7 12. O-O Rac8 13. Rf3 a6 14. Bh4 Ne8 15. g4 Be7 16. Rh3 Nd6 17. Bxe7 Nxe7 18. g5 Nef5 19. gxh6 Nxh6 20. Ndf3 Ne4 21. Ng5 cxd4 22. exd4 b5 23. Nxe4 dxe4 24. Bxe4 Bxe4 25. Qxe4 Nf5 26. Re1 Qd6 27. Ng4 b4 28. Qg2 f6 29. Qe4 Kf7 30. Ne3 bxc3 31. Nxf5 exf5 32. Qb7+ Rc7 33. Qb3+ Kg6 34. bxc3 Rfc8 35. Re2 Rc4 36. Rg2+ Kf7 37. Rhg3 Qxf4 38. Rxg7+ Ke6 39. Re2+ Kd6 40. Qa3+ Kd5 41. Qxa6 1-0

[Event "Olympiad Women 2024"]
[Site "Budapest HUN"]
[Date "2024.09.13"]
[Round "3.40"]
[Board "4"]
[White "Mazariegos, Silvia Carolina"]
[Black "Bhatia, Kanishka"]
[Result "0-1"]
[WhiteElo "1878"]
[BlackElo "1908"]
[PlyCount "54"]
[EventDate "2024.09.11"]
[WhiteTeam "Guatemala"]
[BlackTeam "Scotland"]
[WhiteTeamCountry "GUA"]
[BlackTeamCountry "SCO"]

1. d4 Nf6 2. e3 d5 3. Bd3 g6 4. Nd2 Bg7 5. Qe2 O-O 6. f4 c5 ({RR} 6... Bg4 7. Ngf3 e6 8. c3 Nbd7 9. O-O c5 10. h3 Bf5 11. Ne5 Bxd3 12. Qxd3 cxd4 13. exd4 Rb8 14. a4 a6 15. b3 Rc8 16. Ba3 Re8 17. Rae1 Qc7 18. Rf3 Red8 19. Qe2 Qb6 20. Kh2 Nxe5 21. fxe5 {1-0 Vickers,K (2029)-McKellar,D (1646) San Francisco Leighton Memorial 2015 (1)}) 7. c3 Nc6 8. Ngf3 Bg4 $146 ({RR} 8... b6 9. Ne5 Qc7 10. O-O Ne8 11. Rb1 Nd6 12. b4 f6 13. Nxc6 Qxc6 14. e4 dxe4 15. Nxe4 Bb7 16. Re1 cxd4 17. cxd4 f5 18. Nxd6 Bxd4+ 19. Kf1 exd6 20. b5 Qe8 21. Qd2 Qf7 22. Ba3 Qd5 23. Re7 {1-0 Wollsdorf,F (1800)-Silberhorn,H (1985) Regionalliga SW 9495 1994 [6]}) ({RR} 8... Qb6 9. O-O Bf5 10. Bxf5 gxf5 11. Ne5 e6 12. Rf3 Rad8 13. Rh3 {½-½ Assmann,S (1851)-Niebuhr,G (1918) Niedersachsen-ch Seniors 40th 2006 (9)}) 9. O-O Nh5 10. Qf2 cxd4 11. cxd4 Bd7 12. Ne5 Nf6 13. h3 Nb4 14. Bb1 Bb5 15. Re1 Nd7 16. Ndf3 Nxe5 17. Nxe5 Bxe5 18. dxe5 Nd3 19. Qe2 Nxe1 20. Qxb5 Rc8 21. Bd2 Nc2 22. Qb3 Nxa1 23. Qd3 Qb6 24. Bc3 Rxc3 25. Qxc3 Qc6 26. Qd3 Qc1+ 27. Kh2 Qxb2 0-1

[Event "Olympiad Women 2024"]
[Site "Budapest HUN"]
[Date "2024.09.13"]
[Round "3.41"]
[Board "1"]
[White "Chuemsakul, Sarocha"]
[Black "Kanyamarala, Trisha"]
[Result "1-0"]
[WhiteElo "1906"]
[BlackElo "2179"]
[PlyCount "79"]
[EventDate "2024.09.11"]
[WhiteTeam "Thailand"]
[BlackTeam "Ireland"]
[WhiteTeamCountry "THA"]
[BlackTeamCountry "IRL"]

1. d4 Nf6 2. c4 e6 3. Nc3 Bb4 4. f3 d5 5. a3 Bxc3+ 6. bxc3 c5 7. cxd5 Nxd5 8. dxc5 Qa5 9. e4 Nf6 10. Be3 O-O 11. Qb3 Na6 12. Bxa6 ({RR} 12. Nh3 Nd7 13. Bxa6 Qxa6 14. c4 Ne5 15. Rc1 Bd7 16. Qc3 f6 17. O-O Ba4 18. Nf4 Rfd8 19. Bd4 Ng6 20. Nxg6 hxg6 21. e5 f5 22. h4 Rd7 23. Rf2 Rad8 24. Rd2 Qc6 25. Kh2 Qc7 26. Qe3 Kf7 {½-½ Carlsen,M (2801)-Morozevich,A (2750) Moscow Tal Memorial 4th 2009 (2)}) ({RR} 12. Bb5 e5 13. Ne2 Be6 14. Qb2 Rfc8 15. Bxa6 Qxa6 16. O-O Bc4 17. Rfe1 Nd7 18. Ng3 Nxc5 19. Bxc5 Rxc5 20. Nf5 Be6 21. Ne3 Rac8 22. Red1 h6 23. c4 Bxc4 24. Nxc4 Rxc4 25. Qxe5 Rc2 26. Qg3 R8c6 {0-1 Arabidze,M (2457)-Novik,M (2411) Titled Tue 3rd Sep Early 2024 (11)}) ({RR} 12. a4 Nd7 13. Bxa6 bxa6 14. Qa3 Ne5 15. Bd4 Nd3+ 16. Kd2 Nf4 17. g3 Ng6 18. Ne2 Rd8 19. Ke1 e5 20. Be3 Be6 21. Kf2 Ne7 22. Rhd1 Nc6 23. Rd6 Qc7 24. Rad1 Rdb8 25. Nc1 Na5 26. Rxe6 fxe6 {0-1 Maiorov,N (2456)-Kanyamarala,T (2180) Titled Tuesday intern op 17th Aug blitz 2021 (6)}) 12... Qxa6 13. Rd1 $146 ({RR} 13. Ne2 e5 14. Kf2 Be6 15. Qb4 Qc6 16. Rab1 Rab8 17. Rhd1 Rfc8 18. Qa5 a6 19. Rd6 Qc7 20. Qxc7 Rxc7 21. Rxa6 Nd7 22. Ra7 Nxc5 23. Bxc5 Rxc5 24. Rbxb7 Rxb7 25. Rxb7 g6 26. Rb1 Bc4 27. Rc1 Rb5 {½-½ Fraser Mitchell,J (2059)-Taylor,D (1937) BCF-chT3S 1314 (4NCL) 2013 (6.127)}) ({RR} 13. Ne2 e5 14. c4 Be6 15. Qb5 Bxc4 16. Qxa6 Bxa6 17. Kf2 Rac8 18. Rhd1 Rfd8 19. Nc3 Kf8 20. a4 Rxd1 21. Rxd1 b6 22. Rd6 Ke8 23. a5 Nd7 24. axb6 axb6 25. Nd5 Bb7 26. cxb6 Rc2+ 27. Kg3 Rb2 {½-½ Moskalenko,V (2460)-Shneider,A (2455) URS U26-ch Lvov 1985}) 13... Bd7 14. Rd6 Bc6 15. Ne2 Rfd8 16. Kf2 Rxd6 17. cxd6 Bxe4 18. c4 Bc6 19. Nc3 Rc8 20. Rd1 Nd7 21. a4 Qa5 22. Nb5 a6 23. Qc3 Qd8 24. Na7 Bxa4 25. Nxc8 Bxd1 26. Ne7+ Kf8 27. Qd3 Ba4 28. Qxh7 Ke8 29. Qh8+ Nf8 30. c5 Qa5 31. Qxg7 Qb4 32. Qh8 Qc4 33. Kg3 Qc2 34. c6 Bxc6 35. Bh6 Qc5 36. Qxf8+ Kd7 37. Nxc6 Qxc6 38. Qe7+ Kc8 39. Bg5 Kb8 40. d7 1-0

[Event "Olympiad Women 2024"]
[Site "Budapest HUN"]
[Date "2024.09.13"]
[Round "3.41"]
[Board "2"]
[White "O'Gorman, Alice"]
[Black "Prommuang, Araya"]
[Result "1/2-1/2"]
[WhiteElo "1996"]
[BlackElo "1753"]
[PlyCount "113"]
[EventDate "2024.09.11"]
[WhiteTeam "Ireland"]
[BlackTeam "Thailand"]
[WhiteTeamCountry "IRL"]
[BlackTeamCountry "THA"]

1. e4 c5 2. Nf3 e6 3. d4 cxd4 4. Nxd4 Nf6 5. Nc3 Nc6 6. Ndb5 d6 7. Bf4 e5 8. Bg5 a6 9. Bxf6 gxf6 10. Na3 b5 11. Nd5 Be7 12. Bd3 Nd4 $146 ({RR} 12... h5 13. c4 Qa5+ 14. Qd2 b4 15. Nc2 Rb8 16. b3 Qc5 17. O-O a5 18. Kh1 f5 19. exf5 f6 20. Be4 Bd8 21. Rad1 Rb7 22. Nde3 Rd7 23. Qd5 Bb7 24. Qd3 Qa7 25. Bd5 Qa8 26. Be6 Rg7 27. Rg1 {1-0 Chaves,J-Midugno,R BRA-ch Caxias do Sul 1975 (17)}) ({RR} 12... Rb8 13. O-O Be6 14. c3 f5 15. f3 Qd7 16. Nc2 Bd8 17. Ncb4 Nxb4 18. Nxb4 a5 19. Nc2 f4 20. Qe2 Qc6 21. Na3 Qc5+ 22. Kh1 b4 23. Nb5 Bd7 24. c4 Rg8 25. a3 h5 26. axb4 axb4 27. Ra4 {½-½ Bunkov,S (2314)-Orekhov,E (2450) Alapaevsk Neiva 2007 (4)}) ({RR} 12... Be6 13. c4 b4 14. Nc2 a5 15. Nce3 Qb8 16. O-O Nd4 17. Qh5 Kd7 18. Qh6 Qd8 19. f4 Rb8 20. Nxe7 Qxe7 21. f5 Bxf5 22. Nxf5 Nxf5 23. Rxf5 {1-0 Rose,F (2091)-De Sousa,D (2021) Titled Tue 13th Feb Early 2024 (10)}) ({RR} 12... Be6 13. c4 b4 14. Nc2 a5 15. O-O Rg8 16. f4 Bh3 17. Rf2 Bg4 18. Qd2 f5 19. Nxe7 Qxe7 20. exf5 O-O-O 21. Be4 Qc7 22. Qd5 Ne7 23. Qb5 f6 24. Ne3 Rg7 25. c5 d5 26. Qa6+ Qb7 27. Qxf6 {1-0 Weber,F (2175)-Widera,W (2032) Oberliga NRW 9900 I 1999 (1.8)}) 13. c3 Ne6 14. Nc2 Nc7 15. Nce3 Be6 16. Bc2 O-O 17. Qf3 Kh8 18. Nxe7 Qxe7 19. Nd5 Bxd5 20. exd5 e4 21. Qh5 Rg8 22. O-O-O Rae8 23. f3 Rg5 24. Qh4 f5 25. fxe4 Rxg2 26. Qf4 fxe4 27. Rhe1 Qg5 28. Qxg5 Rxg5 29. Rxe4 Rxe4 30. Bxe4 f5 31. Bf3 Kg7 32. Rd4 Kf6 33. a4 Rg1+ 34. Kd2 Rb1 35. b3 Rxb3 36. Kc2 Ra3 37. Rh4 Ke5 38. Rxh7 Nxd5 39. Bxd5 Kxd5 40. axb5 axb5 41. h4 Ke4 42. h5 Ke5 43. Rb7 Ra2+ 44. Kd3 Rh2 45. Rxb5+ Ke6 46. Rb8 Rxh5 47. Re8+ Kf7 48. Ra8 Kf6 49. Rd8 Ke7 50. Rb8 Rh4 51. Ra8 Ke6 52. c4 d5 53. cxd5+ Kxd5 54. Ra5+ Ke6 55. Ke3 Kf6 56. Ra8 Rg4 57. Kf3 1/2-1/2

[Event "Olympiad Women 2024"]
[Site "Budapest HUN"]
[Date "2024.09.13"]
[Round "3.41"]
[Board "3"]
[White "Mekarapiruk, Nathasha"]
[Black "Mirza, Diana"]
[Result "1-0"]
[WhiteElo "1728"]
[BlackElo "1962"]
[PlyCount "79"]
[EventDate "2024.09.11"]
[WhiteTeam "Thailand"]
[BlackTeam "Ireland"]
[WhiteTeamCountry "THA"]
[BlackTeamCountry "IRL"]

1. e4 c5 2. Nf3 e6 3. d4 cxd4 4. Nxd4 a6 5. Nc3 Qc7 6. Bd3 Nf6 7. O-O Bc5 8. Nb3 Be7 9. f4 d6 10. Qf3 Nc6 11. Bd2 O-O 12. Rae1 Nb4 13. e5 Nxd3 14. cxd3 dxe5 15. fxe5 Nd7 16. d4 $146 ({RR} 16. Qg3 Kh8 17. d4 Nb6 18. Bg5 Bxg5 19. Qxg5 Bd7 20. Re3 Qd8 21. Qh5 Be8 22. Rh3 h6 23. Rf6 {1-0 Landenbergue,C (2410)-Martinovic,S (2460) Geneve op 1992 (3)}) 16... Nb6 17. Qh5 g6 18. Qh6 Nd5 19. Rf3 f5 20. Rh3 Rf7 21. Nxd5 exd5 22. e6 Rg7 23. Bf4 Qd8 24. Be5 Bf6 25. Rhe3 Bxe5 26. Rxe5 Re7 27. Nd2 Qb6 28. Qe3 Qxb2 29. a3 Qb6 30. Nf3 Qd6 31. Ng5 b5 32. Nf7 Qb6 33. Nh6+ Kg7 34. Nxf5+ gxf5 35. Qg5+ Kh8 36. Qxe7 Qxd4+ 37. Kh1 h6 38. Qf8+ Kh7 39. Qf7+ Kh8 40. e7 1-0

[Event "Olympiad Women 2024"]
[Site "Budapest HUN"]
[Date "2024.09.13"]
[Round "3.41"]
[Board "4"]
[White "Gora, Antonina"]
[Black "Tawankanjana, Sasinat"]
[Result "1-0"]
[WhiteElo "1943"]
[BlackElo "1612"]
[PlyCount "81"]
[EventDate "2024.09.11"]
[WhiteTeam "Ireland"]
[BlackTeam "Thailand"]
[WhiteTeamCountry "IRL"]
[BlackTeamCountry "THA"]

1. e4 e5 2. Nf3 Nc6 3. Bc4 Nf6 4. d3 Be7 5. c3 d6 6. Nbd2 a6 7. Bb3 O-O 8. O-O Be6 ({RR} 8... Na5 9. Bc2 c5 10. Re1 Re8 11. Nf1 Nc6 12. Ng3 Bf8 13. h3 g6 14. Be3 Bg7 15. Qd2 Qe7 16. d4 Bd7 17. Rad1 cxd4 18. cxd4 Rac8 19. d5 Nd8 20. Bd3 h5 21. Rc1 Rxc1 22. Rxc1 Nh7 23. Rc7 {1-0 Sax,G (2570)-Gligoric,S (2565) Vrbas 1980}) 9. Re1 Bxb3 10. Qxb3 Na5 $146 ({RR} 10... Qd7 11. Nc4 Rfe8 12. Bd2 h6 13. Rad1 Bf8 14. Bc1 g6 15. Ne3 Bg7 16. h3 Nd8 17. Nh2 Ne6 18. Neg4 Nxg4 19. Nxg4 h5 20. Nh2 c6 21. Nf3 Nc5 22. Qc2 d5 23. b4 Ne6 24. exd5 Qxd5 25. a3 {½-½ Najdorf,M-Bolbochan,J ARG-ch Match Najdorf-Bolbachan +2-1=7 1949 (4)}) ({RR} 10... Qd7 11. Nf1 b5 12. Ng3 Na5 13. Qc2 c5 14. Nf5 g6 15. Nxe7+ Qxe7 16. Bg5 Rfe8 17. Rad1 Qe6 18. b3 Nh5 19. d4 f6 20. Bd2 Nb7 21. dxe5 dxe5 22. Be3 Rad8 23. c4 bxc4 24. bxc4 g5 25. Rd5 {½-½ Garre Montes,M (1975)-Fernandez Gonzalez,J (1923) XXIV Foment Martinenc Op 2024 (7.12)}) ({RR} 10... Qc8 11. Nf1 b5 12. Ng3 Nd7 13. Nf5 Bf6 14. Be3 Nd8 15. c4 bxc4 16. Qxc4 Ne6 17. Rac1 a5 18. d4 Qa6 19. Qa4 exd4 20. N3xd4 Ndc5 21. Qd1 Rab8 22. b3 a4 23. Nxe6 fxe6 24. Bxc5 dxc5 25. Ne3 {½-½ Pukkila,M (2181)-Horn,E (2046) Rilton Cup 34th 2004 (8)}) 11. Qc2 c5 12. Nf1 Nc6 13. Ng3 Re8 14. Nf5 Bf8 15. h3 h6 16. a4 Kh7 17. Qb3 Qd7 18. Ne3 Na5 19. Qa2 Kg8 20. Bd2 Nc6 21. Nh4 Kh7 22. Nc4 Qd8 23. a5 g6 24. Nb6 Qc7 25. Nxa8 Rxa8 26. Nf3 Rc8 27. b4 cxb4 28. cxb4 Kg7 29. Rac1 Qd7 30. Qb2 Na7 31. d4 Rxc1 32. Qxc1 exd4 33. Bxh6+ Kg8 34. Bxf8 Kxf8 35. Nxd4 Kg7 36. Nf5+ gxf5 37. Qg5+ Kh7 38. Qxf6 Qe6 39. Qh4+ Kg6 40. Re3 f6 41. Rg3+ 1-0

[Event "Olympiad Women 2024"]
[Site "Budapest HUN"]
[Date "2024.09.13"]
[Round "3.42"]
[Board "1"]
[White "Partac, Elena"]
[Black "Miladi, Amen"]
[Result "1-0"]
[WhiteElo "2078"]
[BlackElo "1851"]
[PlyCount "77"]
[EventDate "2024.09.11"]
[WhiteTeam "Moldova"]
[BlackTeam "Tunisia"]
[WhiteTeamCountry "MDA"]
[BlackTeamCountry "TUN"]

1. e4 c5 2. Nf3 e6 3. d4 cxd4 4. Nxd4 a6 5. Bd3 Nf6 6. O-O Qc7 7. Qe2 d6 8. c4 Be7 9. Nc3 O-O 10. Be3 Nc6 ({RR} 10... b6 11. Rfe1 {½-½ Varga,Z (2481)-Shchekachev,A (2539) CRO-chT1B 18th 2009 (6)}) ({RR} 10... Nbd7 11. Rac1 b6 12. b3 Bb7 13. f3 Rfd8 14. Qf2 Rac8 15. g4 Ne5 16. Be2 Nfd7 17. f4 Nc6 18. f5 Nxd4 19. Bxd4 e5 20. Be3 Rf8 21. g5 Kh8 22. Qh4 Qd8 23. Rf3 Kg8 24. Rh3 h6 25. f6 {1-0 Abdi,Z (1889)-Miladi,A (1511) Agadir zt 4.1 (Women) 2016 (1)}) 11. f4 Rd8 $146 ({RR} 11... Nxd4 12. Bxd4 e5 13. Be3 Bg4 14. Qc2 exf4 15. Rxf4 Be6 16. Nd5 Bxd5 17. exd5 g6 18. Bd4 Nd7 19. Raf1 Ne5 20. Be2 Bg5 21. R4f2 Rac8 22. b3 Bh6 23. Kh1 Bg7 24. Qb2 f5 25. Re1 Qe7 26. b4 {½-½ Horvath,A (2528)-Izsak,G (2475) HUN-chT 0405 2004 (3)}) ({RR} 11... Bd7 12. Rac1 Nb4 13. Bb1 Qa5 14. g4 g6 15. Nb3 Qc7 16. a3 Nc6 17. g5 Nh5 18. Nd5 exd5 19. cxd5 Qd8 20. dxc6 Bxc6 21. Nd4 Bd7 22. Ba2 Rc8 23. Bd5 Rxc1 24. Rxc1 Bc8 25. Qc4 Bh3 26. Qc7 {1-0 Sinitsina,A (2175)-Junior,E (1849) Olympiad Women-44 2022 (2.2)}) ({RR} 11... Re8 12. Rae1 Bf8 13. a3 g6 14. Nxc6 bxc6 15. e5 Nd7 16. exd6 Bxd6 17. Ne4 Be7 18. c5 Nf6 19. Bd4 Nxe4 20. Bxe4 a5 21. Qf3 Rd8 22. Be5 Bxc5+ 23. Kh1 Qe7 24. Bxc6 Ra6 25. Rd1 Bd6 26. Bc3 {1-0 Celis,G-Ucha,L Buenos Aires GEBA-A 1992 (5)}) 12. Rac1 Bd7 13. Nb3 Rac8 14. Na4 Qb8 15. Nb6 Rc7 16. g4 d5 17. e5 dxc4 18. Bxc4 Ne8 19. a3 Na7 20. Nxd7 Rdxd7 21. f5 Rc6 22. fxe6 fxe6 23. Qf2 h6 24. Bxe6+ Rxe6 25. Qf7+ Kh7 26. Qxe6 Qd8 27. Bxa7 Rd3 28. Bb6 Qd5 29. Qxd5 Rxd5 30. Bc5 Bg5 31. Rce1 Rd3 32. Na5 b5 33. Rd1 Rxd1 34. Rxd1 Nc7 35. Nb7 Ne6 36. Bb6 Bf4 37. Nd8 Nxd8 38. Rxd8 Bxe5 39. Bd4 1-0

[Event "Olympiad Women 2024"]
[Site "Budapest HUN"]
[Date "2024.09.13"]
[Round "3.42"]
[Board "2"]
[White "Mefteh, Meyssem"]
[Black "Verbin, Valentina"]
[Result "1/2-1/2"]
[WhiteElo "1834"]
[BlackElo "2071"]
[PlyCount "100"]
[EventDate "2024.09.11"]
[WhiteTeam "Tunisia"]
[BlackTeam "Moldova"]
[WhiteTeamCountry "TUN"]
[BlackTeamCountry "MDA"]

1. d4 Nf6 2. c4 e6 3. Nf3 b6 4. a3 Bb7 5. Nc3 d5 6. Bg5 Be7 7. Bxf6 Bxf6 8. cxd5 exd5 9. Qb3 O-O 10. e3 c6 11. Bd3 Na6 12. Qc2 $146 ({RR} 12. Rd1 Nc7 13. O-O Ne6 14. e4 Nxd4 15. Nxd4 Bxd4 16. exd5 c5 17. Bc4 a6 18. a4 Qd6 19. Ne4 Qg6 20. Nd2 b5 21. axb5 axb5 22. Qxb5 Rab8 23. Qd7 Bc8 24. Qc6 Rxb2 25. Nb3 Rxf2 26. Rxf2 Bxf2+ {1-0 Jankovic,A (2348)-Jovanic,O (2432) Omis op 2003 (6)}) 12... h6 13. O-O Nc7 14. Na4 Ne6 15. Rac1 Rc8 16. Rfd1 Qe7 17. b4 Rc7 18. Nd2 Rfc8 19. Nb3 Qe8 20. Nd2 Be7 21. Qb3 Rb8 22. Rc3 Rcc8 23. Qc2 c5 24. bxc5 Bc6 25. Nb2 bxc5 26. dxc5 Bf6 27. Rb3 Nxc5 28. Rxb8 Rxb8 29. Qxc5 Bxb2 30. Rb1 a5 31. Qxa5 Ra8 32. Qc5 Bxa3 33. Qc3 Be7 34. Qe5 Qd8 35. Nf3 Bf6 36. Qf5 g6 37. Qg4 Ra4 38. Qg3 Kg7 39. Rd1 Qe7 40. Bc2 Rc4 41. Bb3 Rb4 42. Ba2 h5 43. Nd4 Bxd4 44. exd4 Ba4 45. Ra1 Rxd4 46. h3 Qf6 47. Bxd5 Rxd5 48. Rxa4 Rg5 49. Qe3 Re5 50. Re4 Rxe4 1/2-1/2

[Event "Olympiad Women 2024"]
[Site "Budapest HUN"]
[Date "2024.09.13"]
[Round "3.42"]
[Board "3"]
[White "Mihailova, Alina"]
[Black "Gamha, Yasmine"]
[Result "1-0"]
[WhiteElo "1969"]
[BlackElo "1679"]
[PlyCount "73"]
[EventDate "2024.09.11"]
[WhiteTeam "Moldova"]
[BlackTeam "Tunisia"]
[WhiteTeamCountry "MDA"]
[BlackTeamCountry "TUN"]

1. d4 Nf6 2. c4 e6 3. g3 d5 4. Nf3 dxc4 5. Bg2 Bb4+ 6. Bd2 a5 7. Qc2 Bxd2+ 8. Nbxd2 b5 9. a4 c6 10. O-O ({RR} 10. b3 cxb3 11. Nxb3 O-O 12. O-O Ba6 13. Nc5 bxa4 14. Rfb1 Bb5 15. e3 Na6 16. Ne5 Nb4 17. Qc1 Qc7 18. Nxa4 Rfb8 19. Nc5 Qd6 20. h4 h5 21. Bf3 Qe7 22. Ra3 g6 23. Rba1 Qc7 24. Qd2 Rd8 {1-0 Andreikin,D (2729)-Dreev,A (2623) Titled Tuesday intern op 10th May Late blitz 2022 (9)}) 10... Bb7 ({RR} 10... O-O 11. e4 Na6 12. e5 Nb4 13. Qb1 Nfd5 14. Ne4 h6 15. Nd6 c3 16. Ra3 c2 17. Qa1 bxa4 18. Rc1 Qb6 19. Nc4 Qc7 20. Rxa4 c5 21. b3 cxd4 22. Nxd4 Bd7 23. Rxa5 Rxa5 24. Qxa5 Qxa5 25. Nxa5 {0-1 Bravo De La Vega,A (2121)-Iglesias Ferreira,A (2278) 35th Roquetas de Mar Open 2024 (8.20)}) 11. Rfd1 O-O 12. e4 $146 ({RR} 12. Ne5 Nd5 13. Ne4 Na6 14. h4 f6 15. Nf3 Qe7 16. Qd2 b4 17. Qc2 c5 18. dxc5 Nxc5 19. Nxc5 Qxc5 20. Nd4 Rae8 21. Rac1 c3 22. Qb3 Qe7 23. Nf5 {½-½ Bravetti,A-Logothetis,S (2247) GRE-chT 34th 2005 (4)}) 12... Na6 13. e5 Nd5 14. Ne4 Nab4 15. Qd2 Rb8 16. Nc5 Ba8 17. Ng5 Qe7 18. Nge4 Rfd8 19. Ra3 Nd3 20. Nxd3 cxd3 21. axb5 Rxb5 22. Rxa5 Rbb8 23. Nd6 Rd7 24. Rda1 Bb7 25. Qxd3 Nb4 26. Qd2 Nd5 27. Ra7 Qd8 28. b4 Qb6 29. Bxd5 cxd5 30. R7a5 Qc7 31. Rc1 Qd8 32. Rac5 h6 33. Qc3 Ba6 34. b5 Bb7 35. Rc7 Kf8 36. Rxd7 Qxd7 37. Qc7 1-0

[Event "Olympiad Women 2024"]
[Site "Budapest HUN"]
[Date "2024.09.13"]
[Round "3.42"]
[Board "4"]
[White "Hasnaoui, Abrar"]
[Black "Petricenco, Ana"]
[Result "0-1"]
[WhiteElo "1595"]
[BlackElo "1894"]
[PlyCount "80"]
[EventDate "2024.09.11"]
[WhiteTeam "Tunisia"]
[BlackTeam "Moldova"]
[WhiteTeamCountry "TUN"]
[BlackTeamCountry "MDA"]

1. e4 c5 2. Nc3 d6 3. f4 g6 4. Bc4 Bg7 5. Nf3 e6 6. O-O Nc6 7. d3 Nge7 8. Qe1 O-O 9. f5 gxf5 10. Qg3 Kh8 ({RR} 10... fxe4 11. dxe4 Ng6 12. h4 Nce5 13. Bg5 f6 14. Nxe5 Nxe5 15. Bh6 Qe7 16. Be2 Kh8 17. Bxg7+ Qxg7 18. Qxg7+ Kxg7 19. Nb5 Bd7 20. Nxd6 Bc6 21. Rad1 Rad8 22. c3 a6 23. Nc4 Bb5 24. b3 Bxc4 25. Bxc4 {½-½ Macieja,B (2615)-Dominguez Perez,L (2608) Olympiad-35 Bled 2002 (4.2)}) ({RR} 10... fxe4 11. dxe4 Ng6 12. Bg5 f6 13. Bd2 Nce5 14. Nxe5 Nxe5 15. Be2 Qe8 16. Rad1 Qg6 17. Qxg6 hxg6 18. Nb5 Nf7 19. Bc3 Rd8 20. Bxf6 Bxf6 21. Rxf6 Kg7 22. Rdf1 Ne5 23. Nc7 Rb8 24. Nxe6+ Bxe6 25. Rxe6 {1-0 Halynyazov,V (2058)-Manukyan,S (2224) Titled Tue 11th Jun Late 2024 (6)}) 11. Qh4 f6 12. Bh6 $146 ({RR} 12. a4 Qe8 13. Nb5 Qd8 14. Qg3 e5 15. Bd2 a6 16. Nc3 f4 17. Qf2 Qe8 18. Ne2 Ng6 19. Rad1 Be6 20. Nc3 Nb4 21. Bc1 Bxc4 22. dxc4 Qe6 23. b3 Ne7 24. Ba3 Nbc6 25. Rd3 Rad8 26. Nh4 f5 {1-0 Baiburina,K (1884)-Zaripova,A (1688) RUS Cup U15 Girls final 2019 (2)}) 12... Ng6 13. Qh5 Nce7 14. Nh4 Nxh4 15. Qxh4 Ng6 16. Qh5 fxe4 17. dxe4 Ne5 18. Bd3 Bd7 19. Bb5 Bxb5 20. Nxb5 a6 21. Nc3 Qe7 22. Rf2 Bxh6 23. Qxh6 Ng4 24. Qf4 Nxf2 25. Qxf2 Rg8 26. Rf1 Raf8 27. Qh4 Qg7 28. g3 Qg5 29. Qh3 f5 30. exf5 Rxf5 31. Rxf5 Qxf5 32. Qg2 d5 33. Qe2 Rg5 34. Na4 Qe5 35. Qf2 Rf5 36. Qd2 Qf6 37. Qe2 Qd4+ 38. Kh1 Qxa4 39. Qxe6 Qe4+ 40. Qxe4 dxe4 0-1

[Event "Olympiad Women 2024"]
[Site "Budapest HUN"]
[Date "2024.09.13"]
[Round "3.43"]
[Board "1"]
[White "Wilson, Hannah"]
[Black "Noshin, Anjum"]
[Result "0-1"]
[WhiteElo "1888"]
[BlackElo "2085"]
[PlyCount "76"]
[EventDate "2024.09.11"]
[WhiteTeam "Barbados"]
[BlackTeam "Bangladesh"]
[WhiteTeamCountry "BAR"]
[BlackTeamCountry "BAN"]

1. e4 e5 2. Nf3 Nc6 3. d4 exd4 4. Bc4 Nf6 5. e5 d5 6. Bb5 Nd7 7. Bxc6 bxc6 8. Nxd4 Nxe5 ({RR} 8... Nb8 9. O-O c5 10. Nb3 Be6 11. f4 g6 12. Be3 d4 13. Bf2 Qd5 14. c4 Qc6 15. Na5 Qb6 16. Qf3 c6 17. Nb3 Bxc4 18. N1d2 Bd5 19. Ne4 Nd7 20. f5 O-O-O 21. Rac1 Nxe5 22. Qg3 Nd7 23. Nd6+ {0-1 Shyam,S (2520)-Kovalev,V (2649) Riga Tal Memorial blitz 2019 (9)}) 9. Bf4 ({RR} 9. O-O Qf6 10. Re1 Be7 11. Nc3 O-O 12. Nxc6 Nxc6 13. Nxd5 Qh4 14. g3 Qh3 15. Nxe7+ Nxe7 16. Rxe7 Bb7 17. f3 Rad8 18. Qe2 Ba6 19. Qf2 Rd1+ 20. Re1 Rxe1+ 21. Qxe1 Bb7 22. Qf2 h5 23. Bf4 Qf5 {0-1 Kazarjan,G (2100)-Karsay,P (2357) 26th HZ Open 2024 (7.11)}) 9... Qf6 $146 ({RR} 9... Bd6 10. Bxe5 Bxe5 11. Nxc6 Qf6 12. Nxe5 Qxe5+ 13. Qe2 Qxe2+ 14. Kxe2 Ba6+ 15. Kd2 O-O-O 16. a4 Rhe8 17. Re1 Rxe1 18. Kxe1 Re8+ 19. Kd1 Re2 20. b4 Rxf2 21. b5 Bb7 22. a5 d4 23. Nd2 Rxg2 24. Ra4 {1-0 Van der Lende,I (1702)-Flinkenfluger,R (1529) NED-ch U13 Rijswijk 2005 (6)}) ({RR} 9... Ng6 10. Bg3 Qe7+ 11. Ne2 Qb4+ 12. Nbc3 Qxb2 13. O-O Bd6 14. Bxd6 cxd6 15. Rb1 Qa3 16. Nxd5 Qa5 17. Nb4 Qc7 18. Nd4 Ne7 19. Qf3 Bb7 20. Nd3 O-O 21. Nf4 Qd7 22. Nh5 Kh8 23. Rfe1 Rab8 24. Nxg7 {1-0 Tzagarakis,P (1608)-Tsouchnikas,O (1393) GRE-ch U12 Achaia 2017 (6)}) 10. Bg3 Ba6 11. f4 Nd3+ 12. cxd3 Qxd4 13. Qe2+ Be7 14. Nc3 Qxd3 15. Qxd3 Bxd3 16. O-O-O Bf5 17. Rhe1 f6 18. Bf2 Kf7 19. h3 h5 20. Ne2 Be4 21. g3 Bb4 22. Nc3 Bxc3 23. bxc3 Rhb8 24. a4 Rb1+ 25. Kd2 Rb2+ 26. Ke3 Re8 27. Bg1 Bc2+ 28. Kf3 Bxd1+ 29. Rxd1 Rc2 30. Rd3 a5 31. Be3 Ra2 32. Rd4 Ra3 33. Bd2 Rd8 34. f5 c5 35. Rh4 d4 36. Ke2 dxc3 37. Be3 c2 38. Rc4 Re8 0-1